Who cares about housing? (Record no. 82708)
[ view plain ]
| 000 -LEADER | |
|---|---|
| fixed length control field | 00980cab a22002175a 4500 |
| 001 - CONTROL NUMBER | |
| control field | L151091 |
| 008 - FIXED-LENGTH DATA ELEMENTS--GENERAL INFORMATION | |
| fixed length control field | 100929e20100922xxk 000 0 eng d |
| 035 ## - SYSTEM CONTROL NUMBER | |
| System control number | (Sirsi) u151091 |
| 041 0# - LANGUAGE CODE | |
| Language code of text/sound track or separate title | eng |
| 110 2# - MAIN ENTRY--CORPORATE NAME | |
| Corporate name or jurisdiction name as entry element | Council of Mortgage Lenders |
| 9 (RLIN) | 5903 |
| 245 00 - TITLE STATEMENT | |
| Title | Who cares about housing? |
| Remainder of title | Everyone, finds CML survey |
| Medium | [electronic resource] |
| 260 ## - PUBLICATION, DISTRIBUTION, ETC. | |
| Date of publication, distribution, etc. | 2010 |
| 490 ## - SERIES STATEMENT | |
| Series statement | CML Press Release |
| Volume/sequential designation | 22 September 2010 |
| 520 ## - SUMMARY, ETC. | |
| Summary, etc. | Research undertaken for the Council of Mortgage Lenders (CML) by YouGov ahead of its "Future Housing" Conference revealed that 96% of individuals polled recognised that the United Kingdom has housing problems. Lists key problems and concerns highlighted by the interviewees. |
| 590 ## - LOCAL NOTE (RLIN) | |
| Local note | KA |
| 650 24 - SUBJECT ADDED ENTRY--TOPICAL TERM | |
| Topical term or geographic name entry element | FUTURE HOUSING CONFERENCE |
| 651 #4 - SUBJECT ADDED ENTRY--GEOGRAPHIC NAME | |
| Geographic name | ENGLAND AND WALES |
| 690 ## - LOCAL SUBJECT ADDED ENTRY--TOPICAL TERM (OCLC, RLIN) | |
| Topical term or geographic name as entry element | PROPERTY-RESIDENTIAL PROPERTY-RESIDENTIAL PROPERTY MARKET |
| 856 40 - ELECTRONIC LOCATION AND ACCESS | |
| Uniform Resource Identifier | <a href="https://www.cml.org.uk/cml/media/press/2719">https://www.cml.org.uk/cml/media/press/2719</a> |
| Public note | View this item free of charge at www.cml.org |
| 942 ## - ADDED ENTRY ELEMENTS (KOHA) | |
| Suppress in OPAC | 0 |
| Withdrawn status | Lost status | Source of classification or shelving scheme | Damaged status | Not for loan | Home library | Current library | Shelving location | Date acquired | Total Checkouts | Full call number | Barcode | Date last seen | Copy number | Price effective from | Koha item type |
|---|---|---|---|---|---|---|---|---|---|---|---|---|---|---|---|
| Dewey Decimal Classification | Virtual | Virtual | Journal article | 29/09/2010 | ONLINE PUBLICATION | 151091-2001 | 06/08/2019 | 1 | 06/08/2019 | Journal article |